Language Quiz

Random Language or French Quiz

French Fish Quiz Stats

 Plays Quiz not verified by Sporcle

Challenge
Share
Tweet
Embed
Score 0/24 Timer 05:00
0 Plays Today
French Name Fish % Correct
CarpeCommon Carp
100%
PerchaudeYellow Perch
90.9%
Truite Arc-en-CielRainbow Trout
86.4%
Truite BruneBrown Trout
86.4%
Esturgeon de LacLake Sturgeon
77.3%
Achigan à Grande BoucheLargemouth Bass
72.7%
Achigan à Petite BoucheSmallmouth Bass
72.7%
Grand BrochetNorthern Pike
68.2%
Crapet SoleilPumpkinseed
63.6%
Crapet de RocheRock Bass
59.1%
MaskinongéMuskellunge
59.1%
Anguille d'AmériqueAmerican Eel
59.1%
French Name Fish % Correct
Barbue de RivièreChannel Catfish
54.5%
Lamproie MarineSea Lamprey
54.5%
TouladiLake Trout
50%
Omble de FontaineBrook Trout
40.9%
Bar RayéStriped Bass
40.9%
Barbotte BruneBrown Bullhead
36.4%
Doré JauneWalleye
36.4%
Marigane NoireBlack Crappie
31.8%
Lépisosté OsseuxLongnose Gar
22.7%
Poisson-CastorBowfin
22.7%
Brochet MailléChain Pickerel
22.7%
Doré NoirSauger
18.2%

You're not logged in!

Compare scores with friends on all Sporcle quizzes.
Join for Free
OR
Log In

You Might Also Like...

Show Comments

Extras

Top Quizzes Today


Score Distribution

Your Account Isn't Verified!

In order to create a playlist on Sporcle, you need to verify the email address you used during registration. Go to your Sporcle Settings to finish the process.

Report this User

Report this user for behavior that violates our Community Guidelines.

Details: